|
|
|
|
| LEADER |
00000nab a2200000 a 4500 |
| 001 |
vtls009516597 |
| 003 |
SK-MaSNL |
| 005 |
20260303060750.0 |
| 008 |
171108 2009 xo r r 000 0 slo |
| 038 |
|
|
|a KEVKJB
|
| 040 |
|
|
|a KEVKJB
|b slo
|c KEVKJB
|e AACR2
|
| 041 |
0 |
|
|a slo
|
| 044 |
|
|
|a xo
|c SK
|
| 080 |
|
|
|a 656.211
|2 2001
|
| 080 |
|
|
|a 725.31
|2 2001
|
| 100 |
1 |
|
|a Hajduková, Michaela,
|d 1984-
|4 aut
|9 169543
|
| 245 |
1 |
0 |
|a Rekonštrukciu železničnej stanice brzdí kríza, ale aj hľadanie vhodného súkromného investora
|b po rekonštrukcii staničnej budovy dajú do poriadku podchody a nástupištia
|c Michaela Hajduková
|
| 300 |
|
|
|b Obr.
|
| 610 |
2 |
7 |
|a Železničná stanica (Košice, Slovensko)
|2 kevkjb
|9 273423
|
| 650 |
0 |
7 |
|a železničné stanice
|2 kevkjb
|9 30261
|
| 651 |
|
7 |
|a Košice (Slovensko)
|2 kevkjb
|9 18694
|
| 773 |
0 |
|
|t Košický večer
|g Roč. 20(41), č. 21 (22.5.2009), s. 3
|x 1336-5320
|
| 852 |
|
|
|a KEVKJB
|b KIS3GCP
|
| 999 |
|
|
|c 1732811
|d 1734741
|